| 000 | 00464nam a22001817a 4500 | ||
|---|---|---|---|
| 005 | 20260529121824.0 | ||
| 008 | 260527b |||||||| |||| 00| 0 eng d | ||
| 020 |
_a9789364686990 _c455.00 |
||
| 040 | _aMAIN | ||
| 041 | _aEnglish | ||
| 082 |
_bSHA _a510.76 |
||
| 100 |
_aSharma, Prashant _926929 |
||
| 245 | _aComlete Maths Superfast Formula Books | ||
| 260 |
_aUttar Pradesh _bS. Chand _c2025 |
||
| 300 | _a392 | ||
| 650 | _aCompetitive Books | ||
| 942 | _cBK | ||
| 999 |
_c60905 _d60905 |
||